Sports Quiz

Random Sports or French Quiz

Bordeaux players in Champion's League since 1993 Quiz Stats

 Plays Quiz not verified by Sporcle

Score 0/56 Timer 15:00
0 Plays Today
Hint Answer % Correct
FranceUlrich Ramé
100%
FranceJohan Micoud
100%
Côte d'IvoireLassina Diabaté
100%
FranceSylvain Wiltord
100%
GuineaPascal Feindouno
100%
FranceMarc Planus
100%
BrazilGeraldo Wendel
100%
MoroccoMarouane Chamakh
100%
SenegalSouleymane Diawara
100%
ArgentinaFernando Cavenaghi
100%
FranceBenoît Trémoulinas
100%
Czech RepublicJaroslav Plašil
100%
FranceCédric Carrasso
100%
FranceHervé Alicarte
90%
FranceLilian Laslandes
90%
TunisiaDavid Jemmali
90%
BrazilFernando Menegazzo
90%
FranceAlou Diarra
90%
FranceYoann Gourcuff
90%
FranceYoan Gouffran
90%
FranceMatthieu Chalmé
90%
FranceJérôme Bonnissel
80%
FranceMichel Pavon
80%
FranceFranck Jurietti
80%
FranceMichaël Ciani
80%
MontenegroNiša Saveljić
70%
FranceStéphane Ziani
70%
ColombiaEdixon Perea
70%
Hint Answer % Correct
ArgentinaDiego Placente
70%
SenegalLamine Sané
70%
MaliAbdou Traoré
70%
SenegalHenri Saivet
70%
FranceKodjo Afanou
60%
BrazilCarlos Henrique
60%
FranceMathieu Valverde
60%
FranceFrançois Grenet
50%
FranceCorentin Martins
50%
FrancePierre Ducasse
50%
FranceJean-Claude Darcheville
50%
FranceDavid Bellion
50%
FranceJulien Faubert
40%
FranceRio Mavuba
40%
FranceStéphane Dalmat
40%
FranceGabriel Obertan
40%
BrazilJussiê
40%
FranceLaurent Batlles
30%
ArgentinaAlejandro Alonso
30%
FranceGrégory Sertic
30%
ItalyGiuseppe Colucci
20%
FranceMarc Zanotti
20%
FranceJean-Christophe Rouviere
10%
FranceTeddy Richert
10%
FranceFlorian Marange
10%
NigeriaJoseph Enakarhire
10%
FranceGerald Cid
10%
FranceNicolas Sahnoun
0%

You're not logged in!

Compare scores with friends on all Sporcle quizzes.
OR
Log In

Show Comments

Extras

Top Quizzes Today


Score Distribution

Your Account Isn't Verified!

In order to create a playlist on Sporcle, you need to verify the email address you used during registration. Go to your Sporcle Settings to finish the process.

Report this User

Report this user for behavior that violates our Community Guidelines.

Details: